Historia : desde las primeras sociedades hasta el siglo xv /
Guardado en:
| Autor Principal: | |
|---|---|
| Otros Autores: | , , , , |
| Formato: | Libro |
| Publicado: |
Buenos Aires :
Santillana,
2010
|
| Series: | Saber es clave
|
| Materias: | |
| Etiquetas: |
Agregar Etiqueta
Sin Etiquetas, Sea el primero en etiquetar este registro!
|
| LEADER | 01817nam a22003015a 4500 | ||
|---|---|---|---|
| 001 | CEM.cems013384 | ||
| 005 | 20100714100157.0 | ||
| 008 | 130507s2010##################000#0#####d | ||
| 003 | CEMS | ||
| 020 | |a 9789504622192 | ||
| 082 | 0 | 4 | |a Z930 |
| 100 | 1 | |a Mérega, Herminia | |
| 245 | 1 | 0 | |a Historia : |b desde las primeras sociedades hasta el siglo xv / |c Dirección de Herminia Mérega y Graciela Pérez de Lois |
| 260 | |a Buenos Aires : |b Santillana, |c 2010 | ||
| 300 | |a 240 p. | ||
| 490 | 0 | |a Saber es clave | |
| 505 | 0 | |a El comienzo de la historia -- La historia, el estudi del pasado -- Los primeros pasos del hombre: el Paleolítico -- Los primeros pobladores de América -- El Neolítico: el trabajo humano se apropia del espacio -- Los primeros Estados de la historia -- Territorios, gobiernos, leyes: los Estados -- La Mesopotamia: el país entre dos ríos -- Egipto, un pueblo junto al Nilo -- Los Estados durante el primer milenio a. C. -- Sociedades y Estados de América -- La construcción de Occidente: Grecia y Roma -- La Antigua Grecia -- La civilización griega -- El imperio de Alejandro Magno y la Grecia helenística -- Roma y el control del Mediterráneo -- El Imperio Romano -- La civilización romana -- La construcción de Occidente: la Edad Media -- Los comienzos de la Edad Media -- La época feudal -- El fin de la Edad Media | |
| 653 | |a Historia | ||
| 653 | |a Historia-1º esb | ||
| 653 | |a Historia-7º egb | ||
| 700 | 1 | |a Barraza, Natalia Alfonsina | |
| 700 | 1 | |a Celotto, Amanda | |
| 700 | 1 | |a Morichetti, María | |
| 700 | 1 | |a Sagol, Cecilia G. | |
| 700 | 1 | |a Vissani, Victoria M. | |
| 859 | |a CEMS |b BIB. CEMS - 11 de abril |h Z930 |i M559 |p 25980.10 |t Ej.1 | ||
| 859 | |a CEMS |b BIB. CEMS - 11 de abril |h Z930 |i M559 |p 25981.10 |t Ej.2 | ||
| 859 | |a CEMS |b BIB. CEMS - 11 de abril |h Z930 |i M559 |p 25982.10 |t Ej.3 | ||
